Pakistan 2003 To 2004 An Official (Record no. 295310)
[ view plain ]
| 000 -LEADER | |
|---|---|
| fixed length control field | 00277 a2200109 4500 |
| 001 - CONTROL NUMBER | |
| control field | 60237 |
| 082 ## - DEWEY DECIMAL CLASSIFICATION NUMBER | |
| Classification number | 954.91 MOI |
| 090 ## - LOCALLY ASSIGNED LC-TYPE CALL NUMBER (OCLC); LOCAL CALL NUMBER (RLIN) | |
| -- | 36978 |
| -- | 36978 |
| 100 ## - MAIN ENTRY--PERSONAL NAME | |
| Personal name | Ministry of Information |
| 245 ## - TITLE STATEMENT | |
| Title | Pakistan 2003 To 2004 An Official |
| 260 ## - PUBLICATION, DISTRIBUTION, ETC. | |
| Place of publication, distribution, etc. | islamabad |
| Name of publisher, distributor, etc. | ministry of information |
| 942 ## - ADDED ENTRY ELEMENTS (KOHA) | |
| Institution code [OBSOLETE] | caenust |
| Call number prefix | 954.91 MOI |
| Withdrawn status | Lost status | Damaged status | Not for loan | Collection code | Permanent Location | Current Location | Date acquired | Total Checkouts | Full call number | Barcode | Date last seen | Price effective from | Koha item type |
|---|---|---|---|---|---|---|---|---|---|---|---|---|---|
| College of Aeronautical Engineering (CAE) | College of Aeronautical Engineering (CAE) | 04/03/2017 | 954.91 MOI | CAEG-5769 | 04/05/2017 | 04/05/2017 | Book |
